[Event "Kaluga Tsiolkovsky Memorial op"]
[Site "Kaluga"]
[Date "2016.08.14"]
[Round "8"]
[White "Moiseev, Alexandr A"]
[Black "Sokolov, Evgeny"]
[Result "1-0"]
[WhiteElo "2221"]
[BlackElo "1989"]
[PlyCount "63"]
[EventDate "2016.08.06"]
[EventType "swiss"]
[EventRounds "9"]
[EventCountry "RUS"]
[SourceTitle "CBM 174 Extra"]
[Source "ChessBase"]
[SourceDate "2016.10.10"]
[SourceVersion "1"]
[SourceVersionDate "2016.10.10"]
[SourceQuality "1"]

1. e4 c5 2. Nc3 d6 3. g3 g6 4. Bg2 Bg7 5. d3 Nc6 6. f4 e6 7. Nf3 Nge7 8. 0-0 0-0 9. Be3 Nd4 10. Qd2 Rb8 11. Rae1 b5 12. e5 Nef5 13. Bf2 Nxf3+ 14. Bxf3 Nd4 15. Bg2 dxe5 16. fxe5 Qc7 17. Ne4 Bxe5 18. c3 Nf5 19. Nxc5 a5 20. Rxe5 Qxe5 21. g4 Ne7 22. d4 Qg7 23. Bg3 Rb6 24. Bc7 Rc6 25. Be5 f6 26. Rxf6 Rxf6 27. Ne4 Rf1+ 28. Kxf1 Qf8+ 29. Nf6+ Kf7 30. Nxh7 Qg8 31. Qf4+ Nf5 32. gxf5 1-0

[Event "Kaluga Tsiolkovsky Memorial op"]
[Site "Kaluga"]
[Date "2016.08.09"]
[Round "4"]
[White "Moiseev, Alexandr A"]
[Black "Grishin, Grigory G"]
[Result "1/2-1/2"]
[WhiteElo "2221"]
[BlackElo "2320"]
[PlyCount "85"]
[EventDate "2016.08.06"]
[EventType "swiss"]
[EventRounds "9"]
[EventCountry "RUS"]
[SourceTitle "CBM 174 Extra"]
[Source "ChessBase"]
[SourceDate "2016.10.10"]
[SourceVersion "1"]
[SourceVersionDate "2016.10.10"]
[SourceQuality "1"]

1. e4 e6 2. d4 d5 3. Nd2 Nf6 4. e5 Nfd7 5. Bd3 c5 6. c3 Nc6 7. Ne2 Qb6 8. Nf3 cxd4 9. cxd4 f6 10. exf6 Nxf6 11. 0-0 Bd6 12. Bf4 Bxf4 13. Nxf4 Qxb2 14. Ng5 0-0 15. Ngxe6 Bxe6 16. Nxe6 Rf7 17. Qa4 Re8 18. Ng5 Rfe7 19. Nf3 Qb4 20. Bb5 Qxa4 21. Bxa4 Rc8 22. h3 a6 23. g4 Na5 24. Ne5 Rc3 25. Kg2 b5 26. Bd1 Nc4 27. Re1 g5 28. Bf3 Nd2 29. Be2 Nfe4 30. f3 Nd6 31. Bd3 N6c4 32. Rac1 Rxc1 33. Rxc1 Nxe5 34. dxe5 Nc4 35. a4 Rxe5 36. axb5 axb5 37. Rb1 d4 38. Rxb5 Ne3+ 39. Kg3 Rxb5 40. Bxb5 Kg7 41. f4 h6 42. fxg5 hxg5 43. h4 1/2-1/2

[Event "Dmitrov op"]
[Site "Dmitrov"]
[Date "2010.08.18"]
[Round "9"]
[White "Moiseev, Alexandr A"]
[Black "Sysoykina, Lidia"]
[Result "1-0"]
[WhiteElo "2042"]
[BlackElo "1965"]
[PlyCount "71"]
[EventDate "2010.08.14"]
[EventType "swiss"]
[EventRounds "9"]
[EventCountry "RUS"]
[SourceTitle "CBM 138 Extra"]
[Source "ChessBase"]
[SourceDate "2010.10.29"]
[SourceVersion "1"]
[SourceVersionDate "2010.10.29"]
[SourceQuality "1"]

1. e4 e5 2. Nf3 Nc6 3. Nc3 Nf6 4. d4 exd4 5. Nxd4 Be7 6. Bf4 d6 7. Bb5 Bd7 8. 0-0 0-0 9. Re1 Nxd4 10. Qxd4 a6 11. Bxd7 Nxd7 12. Nd5 Bf6 13. Nxf6+ Qxf6 14. Qxf6 Nxf6 15. Rad1 Nh5 16. Bd2 Rfe8 17. Bc3 Re7 18. e5 Rae8 19. exd6 Rxe1+ 20. Bxe1 cxd6 21. Bb4 f5 22. Kf1 Kf7 23. Rxd6 Rc8 24. Rd7+ Ke6 25. Re7+ Kd5 26. Bc3 Rxc3 27. bxc3 b5 28. Ra7 Kc4 29. Rxa6 Kxc3 30. Rc6+ Kb4 31. c3+ Ka5 32. Rc5 g6 33. c4 Kb4 34. Rxb5+ Kxc4 35. Rb7 Nf6 36. a4 1-0

[Event "RUS-ch U14"]
[Site "Dagomys"]
[Date "2009.04.20"]
[Round "6"]
[White "Chernyavsky, Alexander"]
[Black "Moiseev, Alexandr A"]
[Result "1-0"]
[WhiteElo "2210"]
[BlackElo "2169"]
[PlyCount "71"]
[EventDate "2009.04.15"]
[EventType "swiss"]
[EventRounds "9"]
[EventCountry "RUS"]
[SourceTitle "CBM 130 Extra"]
[Source "ChessBase"]
[SourceDate "2009.07.02"]
[SourceVersion "2"]
[SourceVersionDate "2009.07.15"]
[SourceQuality "1"]

1. c4 e6 2. Nc3 d5 3. d4 Nf6 4. cxd5 exd5 5. Bg5 Be7 6. e3 0-0 7. Bd3 c6 8. Nge2 Nbd7 9. Qc2 Re8 10. 0-0 Nf8 11. Rad1 Bg4 12. Rd2 Bh5 13. Nf4 Bg6 14. Nxg6 Nxg6 15. Bxf6 Bxf6 16. b4 Rc8 17. Rb1 Nf8 18. Qd1 g6 19. Rc2 Ne6 20. Na4 Bg7 21. Bf1 f5 22. g3 g5 23. b5 g4 24. bxc6 bxc6 25. Nc5 Ng5 26. Bg2 Qd6 27. Nd3 Re6 28. Nf4 Ree8 29. Rb7 a5 30. Rb6 Re4 31. Qc1 Rb8 32. Rbxc6 Qb4 33. Nxd5 Qb5 34. Rc8+ Rxc8 35. Rxc8+ Re8 36. Ne7+ 1-0